Nová výrobní metoda "Hoshin"
Definícia pojmu Hoshin. Pojem Hoshin sa používa pre označenie hľadania jednoduchých a okamžite použiteľných riešení na pracovisku za účasti všetkých dotyčných osôb, ktoré slúžia k obmedzeniu strát a k zlepšeniu toku na výrobnej linke. Základné poňatie metódy Hoshin. Zavádzanie metodiky Hoshin do výr...
Salvato in:
| Autore principale: | |
|---|---|
| Altri autori: | |
| Natura: | Capitolo di libro |
| Lingua: | ceco |
| Soggetti: | |
| Tags: |
Nessun Tag, puoi essere il primo ad aggiungerne!!
|
MARC
| LEADER | 00000naa$a2200000$$$4500 | ||
|---|---|---|---|
| 001 | 0006574 | ||
| 005 | 20231004104220.6 | ||
| 041 | 0 | |a cze | |
| 044 | |a CZ | ||
| 245 | 1 | 0 | |a Nová výrobní metoda "Hoshin" |c aut. Jan Novotný, Víťa Pelc |
| 520 | |a Definícia pojmu Hoshin. Pojem Hoshin sa používa pre označenie hľadania jednoduchých a okamžite použiteľných riešení na pracovisku za účasti všetkých dotyčných osôb, ktoré slúžia k obmedzeniu strát a k zlepšeniu toku na výrobnej linke. Základné poňatie metódy Hoshin. Zavádzanie metodiky Hoshin do výrobného programu firmy Faurecia v Bakove nad Jizerou (ČR). | ||
| 610 | 2 | 0 | |a programy výrobné |
| 610 | 2 | 0 | |a metodika |
| 610 | 2 | 0 | |a Hoshin |
| 610 | 2 | 0 | |a pojmy |
| 610 | 2 | 0 | |a linky výrobné |
| 610 | 2 | 0 | |a riadenie výroby |
| 100 | 1 | |a Novotný, Jan | |
| 700 | 1 | |a Pelc, Víťa | |